Sports Quiz

Random Sports or NFL Quiz

NFL team with four or more Super bowl victories Quiz Stats

 Plays Quiz not verified by Sporcle

Support Sporcle.
Go Orange.
Score 0/6 Timer 00:30
0 Plays Today
Number of wins Team % Correct
6Pittsburgh Steelers
96.8%
5New England Patriots
96.8%
5San Francisco 49ers
93.5%
5Dallas Cowboys
83.9%
4Green Bay Packers
83.9%
4New York Giants
64.5%

You're not logged in!

Compare scores with friends on all Sporcle quizzes.
OR
Log In

From the Vault

Erase Europe by Capital

by goc3

There's no way we'd go Oslo as to make a geography pun.
Remove Ads.
Support Sporcle.
Get the best of Sporcle when you Go Orange. This ad-free experience offers more features, more stats, and more fun while also helping to support Sporcle. Thank you for becoming a member.

Show Comments

Extras

Top Quizzes Today


Score Distribution

Your Account Isn't Verified!

In order to create a playlist on Sporcle, you need to verify the email address you used during registration. Go to your Sporcle Settings to finish the process.

Report this User

Report this user for behavior that violates our Community Guidelines.

Details: